00436 2200181 4500001002100000005001500021008004100036035001900077041000600096082001000102090001600112100002000128245003500148260002700183300002100210500000600231650001700237INLIS00000000000303120241224112639241224||||||||| | ||| |||| ||  0010-1224003031 a00 a808.1 a808.1 RID l0 aJuniarso Ridwan00aLangit Katiga (Kumpulan Sajak) bCV. Geger Suntenc1997 a60 hlm.: 20,5 cm a2 0aKesusastraan